|
|
|
|
| LEADER |
00602nam a2200157Ia 4500 |
| 008 |
161229s9999 xx 000 0 und d |
| 020 |
|
|
|a 0803930933
|
| 082 |
|
|
|a 001.42 FOW/ST
|
| 100 |
|
|
|a Fowler, Floyd J
|
| 245 |
|
|
|a Standardized survey interviewing: Minimizing interviewer-related error
|
| 260 |
|
|
|b SAGE publications
|a New Delhi
|c 1990
|
| 300 |
|
|
|a 151
|
| 700 |
|
|
|a Mangine, Thomas W
|
| 942 |
|
|
|c BK
|
| 999 |
|
|
|c 150289
|d 150289
|
| 952 |
|
|
|0 0
|1 0
|4 0
|6 001_420000000000000_FOWST
|7 0
|9 149331
|a KAUCLV
|b KAUCLV
|d 2016-12-29
|o 001.42 FOW/ST
|p 901598
|r 2016-12-29
|w 2016-12-29
|y BK
|z Book transferred from CCBM Library ,Acc.No:8574
|